El extraño caso del dr. jekyll y mr. hyde /
Guardado en:
| Autor Principal: | |
|---|---|
| Otros Autores: | , , , |
| Formato: | Libro |
| Publicado: |
Buenos Aires :
Cypres,
2014
|
| Edición: | 1a. reimp. |
| Materias: | |
| Etiquetas: |
Agregar Etiqueta
Sin Etiquetas, Sea el primero en etiquetar este registro!
|
| LEADER | 01881nam a22004215a 4500 | ||
|---|---|---|---|
| 001 | CEM.cems015167 | ||
| 005 | 20191205172417.0 | ||
| 008 | 130507s2014##################000#0#####d | ||
| 003 | CEMS | ||
| 020 | |a 9789871208548 | ||
| 082 | 0 | 4 | |a 823.8 |
| 100 | 1 | |a Stevenson, Robert Louis | |
| 245 | 1 | 0 | |a El extraño caso del dr. jekyll y mr. hyde / |c Rodert Louis Stevenson ; adaptado Por Carl Bowen ; ilustrado Por Daniel Pérez ; traducido Por María Carolina Berduque y Juan Cruz de Sabato |
| 250 | |a 1a. reimp. | ||
| 260 | |a Buenos Aires : |b Cypres, |c 2014 | ||
| 300 | |a 72 p. | ||
| 500 | |a Título original: The strange case of Dr. Jekyll and Mr. Hyde | ||
| 653 | |a Literatura | ||
| 653 | |a Literatura inglesa | ||
| 653 | |a Literatura infantil | ||
| 653 | |a Cuentos infantiles | ||
| 653 | |a Colección ciencias de la educación | ||
| 653 | |a Historieta | ||
| 653 | |a Novela gráfica | ||
| 700 | 1 | |a Bowen, Carl; adap. | |
| 700 | 1 | |a Pérez, Daniel; il. | |
| 700 | 1 | |a Berduque, María Carolina; trad. | |
| 700 | 1 | |a De Sabato, Juan Cruz; trad. | |
| 859 | |a CEMS |b BIB. CEMS - Ccias. Educacion |h 823.8 |i St481 |k CE |p 28263.19 |t Ej.1 | ||
| 859 | |a CEMS |b BIB. CEMS - Ccias. Educacion |h 823.8 |i St481 |k CE |p 28264.19 |t Ej.2 | ||
| 859 | |a CEMS |b BIB. CEMS - Ccias. Educacion |h 823.8 |i St481 |k CE |p 28265.19 |t Ej.3 | ||
| 859 | |a CEMS |b BIB. CEMS - Ccias. Educacion |h 823.8 |i St481 |k CE |p 28266.19 |t Ej.4 | ||
| 859 | |a CEMS |b BIB. CEMS - Ccias. Educacion |h 823.8 |i St481 |k CE |p 28267.19 |t Ej.5 | ||
| 859 | |a CEMS |b BIB. CEMS - Ccias. Educacion |h 823.8 |i St481 |k CE |p 28268.19 |t Ej.6 | ||
| 859 | |a CEMS |b BIB. CEMS - Ccias. Educacion |h 823.8 |i St481 |k CE |p 28269.19 |t Ej.7 | ||
| 859 | |a CEMS |b BIB. CEMS - Ccias. Educacion |h 823.8 |i St481 |k CE |p 28270.19 |t Ej.8 | ||
| 859 | |a CEMS |b BIB. CEMS - Ccias. Educacion |h 823.8 |i St481 |k CE |p 28271.19 |t Ej.9 | ||
| 859 | |a CEMS |b BIB. CEMS - Ccias. Educacion |h 823.8 |i St481 |k CE |p 28924.19 |t Ej.10 | ||
